000 00842nam a22003017a 4500
001 BR0602792
003 BR-BrBNA
005 20230928102203.0
007 ta
008 230509b bl.||||| |||| 00| 0 por d
040 _aBR-BrBNA
_bpor
_cBiblioteca Nacional de Agricultura
041 _a(Por)
072 _aN20
090 _ N20 BR0602792
100 1 _aSouza, R.G. de
110 1 _aUniversidade Federal de Lavras, MG (Brasil)
_0Tese (Mestrado)
245 1 _aDesempenho do conjunto motogerador adaptado a biogás
260 3 _aLavras, MG (Brasil):
_c2006.
300 _a40 p.
500 _aSummaries (Eng, Por); 17 ref.; 11 illus.; 6 tables
650 _aBIOGÁS
650 _aMOTOR
650 _aCOMBUSTÃO
650 _aPERFORMANCE
650 _aMODELO MATEMÁTICO
909 _a202309
_bLucia
_c55
_dLucia Elande
942 _cBK
999 _c69555
_d69555